Introducción a la economía laboral
Збережено в:
| Автор: | |
|---|---|
| Формат: | Книга |
| Мова: | Іспанська |
| Опубліковано: |
Buenos Aires
TEA
1964
|
| Предмети: | |
| Теги: |
Додати тег
Немає тегів, Будьте першим, хто поставить тег для цього запису!
|
MARC
| LEADER | 00000nam a2200000 a 4500 | ||
|---|---|---|---|
| 001 | UCV1682 | ||
| 003 | CL-VaPUC | ||
| 008 | 901102e19640000AG |||||||||||||||||spa|d | ||
| 082 | 0 | 4 | |a 331 |b PHE |2 21 |
| 100 | 0 | |a Phelps, Orme Wheelock |e author |9 295944 | |
| 245 | 1 | 0 | |a Introducción a la economía laboral |
| 300 | |a 700 p | ||
| 942 | |c BK | ||
| 945 | |d 19901102 00:00:00 | ||
| 260 | |a Buenos Aires |b TEA |c 1964 | ||
| 650 | 7 | |a ESTABILIDAD LABORAL |2 CL-VaPUC |9 256778 | |
| 650 | 7 | |a NEGOCIACIONES COLECTIVAS DE TRABAJO |2 CL-VaPUC |9 255583 | |
| 650 | 0 | |a Salarios |9 255321 | |
| 650 | 0 | |a Sindicatos |9 255034 | |
| 650 | 7 | |a TRABAJO Y TRABAJADORES |2 CL-VaPUC |9 255560 | |
| 583 | |a last modification |c 19901102 00:00:00 |k Rodrigo Vera | ||
| 999 | |c 209559 |d 209557 | ||
| 952 | |0 0 |1 0 |4 0 |6 331_000000000000000_PHE_1964 |7 0 |8 A |9 185043 |a BIBDER |b BIBDER |d 2019-11-14 |i 2524015 |o 331 PHE 1964 |p 2524015 |r 2023-01-25 |w 2019-11-14 |y BK |k DER | ||